<?xml version="1.0" encoding="UTF-8"?><?xml-stylesheet type="text/xsl" href="static/style.xsl"?><OAI-PMH xmlns="http://www.openarchives.org/OAI/2.0/" xmlns:xsi="http://www.w3.org/2001/XMLSchema-instance" xsi:schemaLocation="http://www.openarchives.org/OAI/2.0/ http://www.openarchives.org/OAI/2.0/OAI-PMH.xsd"><responseDate>2026-04-27T13:13:15Z</responseDate><request verb="GetRecord" identifier="oai:riubu.ubu.es:10259/5181" metadataPrefix="marc">https://riubu.ubu.es/oai/request</request><GetRecord><record><header><identifier>oai:riubu.ubu.es:10259/5181</identifier><datestamp>2022-04-26T11:42:13Z</datestamp><setSpec>com_10259_2699</setSpec><setSpec>col_10259_2727</setSpec></header><metadata><record xmlns="http://www.loc.gov/MARC21/slim" xmlns:doc="http://www.lyncode.com/xoai" xmlns:xsi="http://www.w3.org/2001/XMLSchema-instance" xmlns:dcterms="http://purl.org/dc/terms/" xsi:schemaLocation="http://www.loc.gov/MARC21/slim http://www.loc.gov/standards/marcxml/schema/MARC21slim.xsd">
<leader>00925njm 22002777a 4500</leader>
<datafield tag="042" ind1=" " ind2=" ">
<subfield code="a">dc</subfield>
</datafield>
<datafield tag="720" ind1=" " ind2=" ">
<subfield code="a">Rubio Presa, Rubén</subfield>
<subfield code="e">author</subfield>
</datafield>
<datafield tag="260" ind1=" " ind2=" ">
<subfield code="c">2018</subfield>
</datafield>
<datafield tag="520" ind1=" " ind2=" ">
<subfield code="a">El desarrollo de nuevos sistemas catalíticos tiene gran relevancia dentro de la Química actual por presentar beneficios tanto económicos como medioambientales. Este trabajo se centra en el desarrollo de nuevas metodologías en Síntesis Orgánica basadas en reacciones de desoxigenación de compuestos que presentan enlaces N–O catalizadas por complejos de dioxomolibdeno(VI), empleando glicoles como agentes reductores y, especialmente, en las aplicaciones sintéticas de la reducción del grupo nitro. Se describen diversos procesos catalíticos que emplean pinacol como agente reductor medioambientalmente benigno para la reducción de compuestos nitroaromáticos a anilinas, y para la desoxigenación N-óxidos heteroaromáticos y N-hidroxibenzotriazoles. Aplicando este sistema catalítico, también se han desarrollo nuevas estrategias de síntesis empleando como materiales de partida compuestos nitroaromáticos y glicoles, que permiten obtener una amplia variedad de compuestos nitrogenados con potencial actividad biológica, tales como N-bencilanilinas, α-aminofosfonatos y heterocíclicos nitrogenados (quinolinas y quinoxalinas)</subfield>
</datafield>
<datafield tag="024" ind2=" " ind1="8">
<subfield code="a">http://hdl.handle.net/10259/5181</subfield>
</datafield>
<datafield tag="024" ind2=" " ind1="8">
<subfield code="a">10.36443/10259/5181</subfield>
</datafield>
<datafield ind1=" " ind2=" " tag="653">
<subfield code="a">Complejos de dioxomolibdeno(VI)</subfield>
</datafield>
<datafield ind1=" " ind2=" " tag="653">
<subfield code="a">Reducción</subfield>
</datafield>
<datafield ind1=" " ind2=" " tag="653">
<subfield code="a">Glicoles</subfield>
</datafield>
<datafield ind1=" " ind2=" " tag="653">
<subfield code="a">Nitroarenos</subfield>
</datafield>
<datafield ind1=" " ind2=" " tag="653">
<subfield code="a">Heterociclos</subfield>
</datafield>
<datafield ind1=" " ind2=" " tag="653">
<subfield code="a">Dioxomolybdenum(VI) complex</subfield>
</datafield>
<datafield ind1=" " ind2=" " tag="653">
<subfield code="a">Reduction</subfield>
</datafield>
<datafield ind1=" " ind2=" " tag="653">
<subfield code="a">Glycols</subfield>
</datafield>
<datafield ind1=" " ind2=" " tag="653">
<subfield code="a">Nitroarenes</subfield>
</datafield>
<datafield ind1=" " ind2=" " tag="653">
<subfield code="a">Heterocycles</subfield>
</datafield>
<datafield tag="245" ind1="0" ind2="0">
<subfield code="a">Reducción de enlaces N‒O con glicoles catalizada por complejos de dioxomolibdeno(VI): síntesis de compuestos nitrogenados a partir de nitroarenos</subfield>
</datafield>
</record></metadata></record></GetRecord></OAI-PMH>